000
00296nam a22001337a 4500
999
_c
12823
_d
12823
020
_a
9789332540248
082
_a
794.815
100
_a
Adams Ernest
245
_a
Fundamentals of Game Design
250
_a
3rd
260
_a
India
_b
Dorling Kindersley
_c
2014
300
_a
560 pages
942
_c
BK